Seleção Brasileira no 7 x 1 - Statistics

Estatísticas Gerais
  • Esse quiz foi jogado 126 vezes
    123 desde o último reset
  • A pontuação média é 10 de 14
Estatísticas das Respostas
Posição Jogador % Correto
ZAG 4 David Luiz
95%
GOL 12 Júlio César
94%
CA 9 Fred
90%
MAT 11 Oscar
88%
LE 6 Marcelo
87%
ZAG 13 Dante
81%
CA 7 Hulk
81%
MAT 20 Bernard
76%
VOL 5 Fernandinho
67%
LD 23 Maicon
61%
VOL 17 Luiz Gustavo
56%
VOL/MC 8 Paulinho
56%
MAT/PD 19 Willian
50%
VOL 16 Ramires
34%
Nenhum quiz correspondente encontrado
Distribuição das Pontuações
Porcentagem de Pessoas com Cada Pontuação
Percentil de Números Respondidos
Sua Pontuação Histórica
Você não jogou esse quiz desde o último reset